American Gateway Communities - Click Quiz - Statistics

General Stats
  • This quiz has been taken 18 times
    12 since last reset
  • The average score is 14 of 20
Answer Stats
Hint Answer % Correct
Grand Canyon Flagstaff
90%
Acadia Bar Harbor
80%
Ozarks Branson
80%
Denali Fairbanks
80%
Smoky Mountains Gatlinburg
80%
Mount Washington Berlin
70%
Rocky Mountain NP Estes Park
70%
Redwoods Eureka
70%
Yellowstone Gardiner
70%
Everglades Homestead
70%
Boundary Waters International Falls
70%
Arches NP Moab
70%
Adirondacks Plattsburgh
70%
Olympic NP Port Angeles
70%
Lake Tahoe Truckee
70%
Badlands Wall
70%
Glacier NP Kalispell
60%
Pictured Rocks Munising
60%
Door County Sturgeon Bay
60%
Joshua Tree NP Twentynine Palms
60%
No matching quizzes found
Score Distribution
Percent of People with Each Score
Percentile by Number Answered
Your Score History
You have not taken this quiz since the last reset